[Event "Titled Tuesday intern op 23rd June"]
[Site "Chess.com INT"]
[Date "2020.06.23"]
[Round "3"]
[White "Iljushin, Alexei"]
[Black "Vidit, Santosh Gujrathi"]
[Result "0-1"]
[WhiteElo "2461"]
[BlackElo "2726"]
[PlyCount "154"]
[EventDate "2020.06.23"]
[EventType "swiss (blitz)"]
[EventRounds "10"]
[EventCountry "USA"]
[SourceTitle "CBM 197 Extra"]
[Source "ChessBase"]
[SourceDate "2020.09.30"]
[SourceVersion "1"]
[SourceVersionDate "2020.09.30"]
[SourceQuality "1"]

1. d4 Nf6 2. c4 e6 3. Nc3 Bb4 4. e3 0-0 5. Nge2 d5 6. cxd5 exd5 7. g3 Re8 8. Bg2 c6 9. 0-0 Bd6 10. f3 c5 11. dxc5 Bxc5 12. Nd4 Nc6 13. Nce2 h5 14. Nxc6 bxc6 15. Nd4 Qb6 16. Rf2 Bd6 17. b3 c5 18. Nc2 Bb7 19. Bb2 Be5 20. Bxe5 Rxe5 21. Qd2 Rae8 22. Rc1 a5 23. h4 Bc8 24. Kh2 Bf5 25. Bf1 R5e7 26. Bd3 Bxd3 27. Qxd3 Re5 28. Kg2 Qb7 29. Kh2 Nd7 30. Qd2 Qa8 31. Re1 Nb6 32. Qc3 Nd7 33. Qd2 Nf6 34. Kg1 R5e7 35. Qc3 Qa7 36. Rd1 Qb6 37. Qd2 Re5 38. Qc3 R5e6 39. Qd2 Ra8 40. Qc3 a4 41. b4 cxb4 42. Qxb4 Qc7 43. Qf4 Qc5 44. Nd4 Ree8 45. Nf5 Re6 46. Kg2 a3 47. Qg5 g6 48. Nd4 Rb6 49. Rc2 Qe7 50. Rdd2 Re8 51. Re2 Kh7 52. Nc6 Qd6 53. Nd4 Re5 54. Qf4 Kg7 55. Nb3 Nd7 56. Qd4 Qf6 57. Nc5 Nxc5 58. Rxc5 Re7 59. Rxd5 Rb2 60. Kf2 Qxd4 61. Rxd4 Reb7 62. Rdd2 Kf6 63. Ke1 Ke5 64. Rc2 Rb1+ 65. Kd2 Rd7+ 66. Kc3 Rg1 67. Rg2 Re1 68. Rce2 Rc1+ 69. Kb3 Rd3+ 70. Kb4 Rc8 71. e4 Kd4 72. Rd2 Rb8+ 73. Ka4 Rxd2 74. Rxd2+ Ke3 75. Rd8 Rxd8 76. Kxa3 Kxf3 77. Kb4 Kxe4 0-1

[Event "Titled Tuesday intern op 23rd June"]
[Site "Chess.com INT"]
[Date "2020.06.23"]
[Round "2"]
[White "Shankovsky, Andriy"]
[Black "Iljushin, Alexei"]
[Result "0-1"]
[WhiteElo "2406"]
[BlackElo "2461"]
[PlyCount "82"]
[EventDate "2020.06.23"]
[EventType "swiss (blitz)"]
[EventRounds "10"]
[EventCountry "USA"]
[SourceTitle "CBM 197 Extra"]
[Source "ChessBase"]
[SourceDate "2020.09.30"]
[SourceVersion "1"]
[SourceVersionDate "2020.09.30"]
[SourceQuality "1"]

1. e4 c6 2. d4 d5 3. e5 Bf5 4. Nf3 e6 5. Be2 Nd7 6. 0-0 Bg6 7. Nbd2 Nh6 8. a4 Nf5 9. Nb3 h5 10. a5 a6 11. Be3 h4 12. h3 Be7 13. Qd2 Bh5 14. Rfe1 g6 15. Bg5 Bxf3 16. Bxe7 Qxe7 17. Bxf3 Kf8 18. Ra4 Rc8 19. Rb4 Rc7 20. Bg4 Nh6 21. Bf3 Kg7 22. Qe3 Nf5 23. Qd2 c5 24. dxc5 Nxc5 25. Nxc5 Qxc5 26. c3 Qxa5 27. Qg5 Rd7 28. Qf6+ Kg8 29. Bg4 Ng7 30. Rd1 Qc7 31. b3 Rh7 32. c4 d4 33. c5 Ne8 34. Qf4 d3 35. Rd4 Re7 36. b4 Kg7 37. R1xd3 Rh8 38. Rd8 Rf8 39. Ra8 a5 40. Rdd8 axb4 41. Qxb4 Qxe5 0-1